Normal view
MARC view
Entry Personal Name
001 - CONTROL NUMBER
- control field: 12264
003 - CONTROL NUMBER IDENTIFIER
- control field: ARRUPE
005 - DATE AND TIME OF LATEST TRANSACTION
- control field: 20141027124131.0
008 - FIXED-LENGTH DATA ELEMENTS
- fixed length control field: 141027|| aca||aabn | a|a d
040 ## - CATALOGING SOURCE
- Original cataloging agency: ARRUPE
- Transcribing agency: ARRUPE
100 ## - HEADING--PERSONAL NAME
- Personal name: Dorrington, Theophilus,
- Dates associated with a name: -1715.
670 ## - SOURCE DATA FOUND
- Source citation: Work cat.: (ARRUPE)0: Pufendorf, Samuel, Freiherr von, 1632-1694. 12142, The divine feudal law, or, Covenants with mankind, represented /, c2002.